Focus sur: Curufin - Tolkien - Statistiques

Statistiques générales
  • Ce quiz a été pris 12 fois
  • Le résultat moyen est 15 sur 20
Statistiques - réponses
Informations recherchées Réponses % Correct
Espèce Elfe
100%
Amras
89%
Celegorm
89%
Himlad
89%
Première apparition Le Silmarillion
89%
Groupe de l'espèce Noldor
89%
Age durant lequel elle vécut Premier
89%
Profession et titre Seigneur Noldor
89%
Contrées Valinor
89%
Amrod
78%
Caranthir
78%
Père Fëanor
78%
Maedhros
78%
Couleur des cheveux Noir
78%
Frères Maglor
67%
Cités Tirion
67%
Curufinwë
56%
Nargothrond
56%
Mère Nerdanel
44%
Autres noms Atarinkë
22%
Aucun quiz correspondant
Distribution des résultats
% des personnes avec chaque résultat
Percentile par nombre de réponses
Votre historique - résultats
Vous n’avez pas pris ce quiz